| 000 | 00893cam a2200253 a 4500 | ||
|---|---|---|---|
| 999 |
_c3243 _d3243 |
||
| 001 | 10851 | ||
| 003 | BD-DhUAP | ||
| 005 | 20210130164028.0 | ||
| 008 | 200303s1998 bg abf b f000 0 eng | ||
| 020 | _a9780195643626 | ||
| 020 | _a0195643623 | ||
| 040 |
_aBD-DhUAP _cBD-DhUAP _dBD-DhUAP _bEng |
||
| 082 |
_a954.0355 GOR _223 |
||
| 100 | _aGoradia, Nayana. | ||
| 245 |
_aLord Curzon : _bthe last of the British Moghuls / _cNayana Goradia. |
||
| 260 |
_aDelhi : _bOxford University Press, _cc2007. |
||
| 300 |
_a306 pages : _billustrations ; _c22 cm. |
||
| 490 | _aOxford India paperbacks. | ||
| 504 | _aIncludes bibliographical references and index. | ||
| 600 | _aCurzon of Kedleston, George Nathaniel Curzon, -- Marquess, -- 1859-1925 -- Biography | ||
| 600 | _aIndia -- Politics and government -- 1857-1919. | ||
| 942 |
_2ddc _cBK |
||